000 00271nam a2200097Ia 4500
001 967749
005 20250826220330.0
008 250824s9999 xx 000 0 und d
245 0 _aKÜÇÜK ŞEYLER 1 DENİZ KABUKLARI
_cÜSTÜN DÖKMEN
260 _bREMZİ KİTABEVİ YAYINLARI
999 _c967749
_d967749